000 01039cam a2200325 4500
999 _c23424
_d23424
001 vtls011886910
005 20221010112823.0
008 210209s2019 xo gr 000 f slo
020 _a9788056905418
_q(viazané)
035 _aurn:nbn:sk:snk-am00edse
035 _aurn:nbn:sk:snk-am3ih35
035 _a7F54BB9D-B394-4851-B335-3D087BF0BA09
040 _aPOKPOH
_bslo
_cPOKPOH
_dSNK
_erda
041 0 _aslo
044 _axo
_cSK
072 7 _a821.162.4-3
_xSlovenská próza
_2konspekt
080 _a821.162.4-31
_22011
100 1 _aHavranová, Ivana
_4aut
_9665
245 1 0 _aSama v dome
_cIvana Havranová
250 _aPrvé vydanie
264 1 _aBratislava
_bMarenčin PT
_c2019
300 _a142 strán
_c21 cm
336 _atext
_btxt
_2rdacontent
337 _abez média
_bn
_2rdamedia
338 _azväzok
_bnc
_2rdacarrier
500 _aObsahuje biografické údaje o autorke na záložke prebalu publikácie
655 7 _aslovenské romány
_2SNKPH
_91694
655 7 _aSlovak fiction
_2SNKPHeng
_91695
958 _aLX